000 00931nam a22002777a 4500
001 8098
003 FISKH
005 20260323112806.0
008 250822b cb ||||| |||| 00| 0 eng d
040 _aFISKH
_bkhr
_cFISKH
_dFISKH
050 _aPZ7
082 _a398.209596
100 _aMinistry of Education, Youth and Sports
245 _aទីងមោង /
_cក្រសួងអប់រំ យុវជន និងកីឡា​
260 _aភ្នំពេញ :
_bក្រសួងអប់រំ យុវជន និងកីឡា​ ,
300 _a16 pages :
_bcolor illustrations ;
_c25 cm .
505 _aJ
520 _aចែមខ្លាចទីងមោង ។​
520 _aChem is afraid of centipedes.
521 8 _a500
_bLexile estimate
521 8 _aJ
_bRaz-Plus
650 _aទីងមោង
650 _aCentipede.
942 _2ddc
_cBK
_n0
999 _c8098
_d8098